Statistics for Words for regions in different countries (2)

Click here to take the quiz!

General Stats

  • This quiz has been taken 4 times
  • The average score is 6 of 18

Answer Stats

HintAnswer% Correct
KrajCzech Republic
75%
VoblastBelarus
50%
ParishJamaica
50%
GovernorateOman
50%
ChiefdomSierra Leone
50%
Autonomous communitySpain
50%
CantonSwitzerland
50%
ParròquiaAndorra
25%
CercleMali
25%
TehsilPakistan
25%
ItūmālōSamoa
25%
Special self-governing citySouth Korea
25%
Urban raionUkraine
25%
Principal areaWales
25%
BaladiyahLibya
0%
Self-Administered DivisionMyanmar
0%
ZoneQatar
0%
MkoaTanzania
0%

Score Distribution

Percentile by Number Answered

Percent of People with Each Score

Your Score History

You have not taken this quiz